| 000 | 00470nam a2200181Ia 4500 | ||
|---|---|---|---|
| 003 | OSt | ||
| 005 | 20251208160045.0 | ||
| 008 | 221004b |||||||| |||| 00| 0 tel d | ||
| 037 | _cTB | ||
| 040 |
_aAL _cAL _btel |
||
| 041 |
_2tel _atel |
||
| 100 |
_aRajendra _9855294 |
||
| 245 | 0 | _aNijayatake neerajara | |
| 260 | _c1993. | ||
| 650 |
_aTELUGU LITERATURE _9855295 |
||
| 942 |
_hO35:g N3 _cTB _2cc _n0 |
||
| 999 |
_c1051835 _d1051835 |
||